000 01421cad a22002535a 4500
001 L145446
008 081010s2008 xxkdo f s f000 0 eng d
035 _a(Sirsi) u145446
041 0 _aeng
050 0 4 _a306.1 $2 18
110 2 _aUnited Kingdom
_bHousing Corporation
_95568
245 0 0 _aAffordable housing in London
_h[electronic resource]
260 _aLondon
_bHousing Corporation
_c2008
490 0 _aPlanning for the Future
505 2 _aAffordable housing in London -- The demand for social housing -- Overcrowding -- The economic profile of social housing tenants -- The aspirations of social housing tenants -- Conclusion -- Sources of information
520 _aResearch paper (sixth in a series of eight), looks at affordable housing in London, particularly the supply and demand of and for socially rented housing and explores the status of people living in this type of tenure. The authors also address social trends, including the long term aspirations of those living in the socially rented sector.
521 _aAdvanced
590 _aKA
651 4 _aEngland and Wales
_y1543-
690 _aResidential property
_96266
710 1 _aChartered Institute of Housing
_92394
856 4 0 _uhttps://collections.europarchive.org/tna/20081114143557/http://www.housingcorp.gov.uk/upload/pdf/Affordable_housing_in_London.pdf
_zView the item free of charge online at www.housingcorp.gov.uk
942 _n0
999 _c108798
_d108798